000 00444nam a22001457a 4500
005 20260310092521.0
008 170724b xxu||||| |||| 00| 0 eng d
040 _cPK-LaUMT
082 _aZIAC 297.05
_bASA-A
100 _aAsad , Muhammad
_9209
245 _aArafat (vol.1, no. 1-5) :
_ba monthly critique of Muslim thought /
_cby Muhammad Asad
260 _aDalhousie, Panjab :
_bRipon Printing Press,
_c1946
300 _a159 p.
942 _cBK
999 _c95603
_d95603